00337nam a2200145Ia 4500008004100000020001800041041000800059082001300067100002600080260002700106245002300133250000600156300000800162650002100170220805s9999 xx 000 0 und d a81-85944-04-0 aeng a153.8002 aStaples, Walter Doyle aNew DelhibUBSPDc1996 aThink Like a winer a4 a287 aHuman psychology